| 000 | 01749cam a22003731i 4500 | ||
|---|---|---|---|
| 003 | SA-RiAUC | ||
| 005 | 20251222130151.0 | ||
| 008 | 251201s1992 su a g b f00000 ara c | ||
| 040 |
_aSA-EnSBSSC _bara _cSA-RiAUC _erda |
||
| 041 | 1 |
_aara _hund |
|
| 050 | 4 | _b.F67125 1992 | |
| 050 | 4 | _b.F6 1992 | |
| 050 | 4 | _b.F67 1992 | |
| 082 | 0 | 4 |
_a025.5 _qSA-RiAUC |
| 090 |
_a025.5 _bف و ر |
||
| 100 | 1 |
_aفورد، جيفري، _d1942- _eمؤلف. |
|
| 240 | 1 | 0 |
_aReview of methods employed in determining the use of library stock. _lArabic |
| 245 | 1 | 0 |
_aاستخدام المكتبات : _bعرض للأساليب المتبعة في التعرف على حجم استخدام أرصدة المكتبات / _cتأليف جيفري فورد ؛ ترجمة محمد خلف الميموني. |
| 250 | _aالطبعة الأولى. | ||
| 264 | 1 |
_aالرياض : _bمكتبة الملك فهد الوطنية، _c1992 |
|
| 300 |
_a132 صفحة : _bإيضاحيات، جداول ؛ _c24 سم. |
||
| 336 |
_aنص _btxt _2rdacontent _3كتاب |
||
| 337 |
_aبدون وسيط _bn _2rdamedia |
||
| 338 |
_aمجلد _bnc _2rdacarrier |
||
| 490 | 1 |
_aمطبوعات مكتبة الملك فهد الوطنية ؛ _vالسلسلة الثانية ؛ _v9 |
|
| 504 | _aببليوجرافية : صفحة 96-108. | ||
| 650 | 7 |
_aالخدمة المكتبية _2aucsh |
|
| 650 | 7 |
_aإدارة المكتبات _2aucsh |
|
| 650 | 7 |
_aالمكتبات والقراء _2aucsh |
|
| 700 | 1 |
_aالميموني، محمد خلف محمد، _d1369 هجري- _eمترجم. |
|
| 830 | 0 |
_aمطبوعات مكتبة الملك فهد الوطنية. _nالسلسلة الثانية _v9 |
|
| 942 |
_2ddc _cBOOK _n0 |
||
| 949 |
_aSA-JeALM _d251201 _umohamedma123 _n1 |
||
| 999 |
_c13636 _d13636 |
||